Größte Städte Baden-Württemberg - Statistiken

Allgemein
  • Dieses Quiz wurde 113 mal gespielt
  • Das Durchschnittsergebnis liegt bei 12 aus 15
Antwortstatistiken
Hint Antwort % Korrekt
607.000 Stuttgart
100%
237.000 Freiburg im Breisgau
98%
309.000 Karlsruhe
98%
326.000 Mannheim
98%
130.000 Ulm
94%
156.000 Heidelberg
92%
87.000 Konstanz
82%
133.000 Heilbronn
80%
135.000 Pforzheim
76%
92.000 Tübingen
73%
119.000 Reutlingen
71%
95.000 Ludwigsburg
70%
96.000 Esslingen am Neckar
64%
90.000 Villingen-Schwenningen
43%
68.000 Aalen
37%
Keine übereinstimmenden Quizze gefunden
Verteilung der Resultate
Anzahl Personen mit jedem Resultat
Perzentil nach korrekt beantworteten Fragen
Ihre Resultats-Entwicklung
Sie haben dieses Quiz noch nicht gespielt